000 00285nam a22001337a 4500
008 170817b xxu||||| |||| 00| 0 eng d
020 _a9780076046041
041 _aeng
080 _a51
100 _a36
101 _aMAT
245 _aEVERYDAY MATHEMATICS
_cBELL,M
942 _2udc
_cBK
999 _c23993
_d23993